Estudios sobre el pronombre

Gespeichert in:
Bibliographische Detailangaben
1. Verfasser: Marcos Marín, Francisco Adolfo (autor)
Format: Buch
Sprache:Spanisch
Veröffentlicht: Madrid Gredos 1978
Schriftenreihe:Biblioteca Románica Hispánica. II, Estudios y Ensayos, 283
Schlagworte:
Tags: Tag hinzufügen
Keine Tags, Fügen Sie den ersten Tag hinzu!

MARC

LEADER 00000nam a2200000 a 4500
001 UCQ6026
003 CL-VaPUC
008 981009e19780000SP |||||||||||||||||spa|d
082 0 4 |a 415  |b MAR  |2 21 
100 |a Marcos Marín, Francisco Adolfo  |e autor  |9 421725 
245 1 0 |a Estudios sobre el pronombre 
300 |a 332 p 
942 |c BK 
945 |d 19981009 00:00:00  |a cmena 
260 |a Madrid  |b Gredos  |c 1978 
650 7 |a PRONOMBRES  |2 CL-VaPUC  |9 387966 
650 0 |a Gramática  |9 270497 
650 7 |a TEORIA LINGUISTICA  |2 CL-VaPUC  |9 334835 
650 0 |a Lingüística  |9 265068 
650 0 |a Etimología  |9 337976 
650 0 |a Acentuación  |9 389778 
583 |a last modification  |c 19981009 00:00:00  |k Rodrigo Vera 
490 0 |a Biblioteca Románica Hispánica. II, Estudios y Ensayos, 283 
999 |c 276029  |d 276027 
952 |0 0  |1 0  |4 0  |6 415_000000000000000_MAR_1978  |7 0  |8 A  |9 313131  |a FDOPOS  |b FDOPOS  |d 2019-11-20  |i 1479008  |o 415 MAR 1978  |p 1479008  |r 2025-01-22  |w 2019-11-20  |y BK  |k MLA